The battle for God (Record no. 23388)

MARC details
000 -LEADER
fixed length control field 00705cam a22002294a 4500
020 ## - INTERNATIONAL STANDARD BOOK NUMBER
ISBN 0679435972 (alk. paper)
082 00 - DEWEY DECIMAL CLASSIFICATION NUMBER
Classification number 200.9
Author Cutter ARM
100 1# - MAIN ENTRY--AUTHOR NAME
Author name Armstrong, Karen,
245 14 - TITLE STATEMENT
Title The battle for God
250 ## - EDITION STATEMENT
Edition statement 1st ed.
260 ## - PUBLICATION, DISTRIBUTION, ETC. (IMPRINT)
Place of publication New York :
Name of publisher Alfred A. Knopf,
Year of publication 2000.
300 ## - PHYSICAL DESCRIPTION
Number of Pages xvi, 442 p. ;
650 #0 - SUBJECT ADDED ENTRY--TOPICAL TERM
Topical Term Religious fundamentalism.
650 #0 - SUBJECT ADDED ENTRY--TOPICAL TERM
Topical Term Orthodox Judaism
650 #0 - SUBJECT ADDED ENTRY--TOPICAL TERM
Topical Term Islamic fundamentalism
650 #0 - SUBJECT ADDED ENTRY--TOPICAL TERM
Topical Term Fundamentalism
856 42 - ELECTRONIC LOCATION AND ACCESS
Uniform Resource Identifier http://www.loc.gov/catdir/bios/random059/99034022.html
856 41 - ELECTRONIC LOCATION AND ACCESS
Uniform Resource Identifier http://www.loc.gov/catdir/samples/random041/99034022.html
856 42 - ELECTRONIC LOCATION AND ACCESS
Uniform Resource Identifier http://www.loc.gov/catdir/description/random041/99034022.html
942 ## - ADDED ENTRY ELEMENTS (KOHA)
Koha item type Books
Holdings
Home library Current library Shelving location Date acquired Source of acquisition Full call number Accession Number Koha item type
Henry Martyn Institute Library Henry Martyn Institute Library General stacks 01/17/2024 Shareef 200.9 ARM 11004797 Books
                   Copyright © 2026 | Henry Martyn Institute | Hyderabad | TS-500052 | INDIA | Implemented by hmi.edu.in
Hit-Count:

Powered by Koha